[Event "Pan American-ch U16"]
[Site "Cali"]
[Date "2011.07.05"]
[Round "4"]
[White "Cori, Jorge Moise"]
[Black "Gomez Garcia, Jose Santos"]
[Result "1-0"]
[WhiteElo "2496"]
[BlackElo "1834"]
[PlyCount "85"]
[EventDate "2011.07.03"]
[EventType "swiss"]
[EventRounds "9"]
[EventCountry "COL"]
[SourceTitle "CBM 143 Extra"]
[Source "ChessBase"]
[SourceDate "2011.08.29"]
[SourceVersion "1"]
[SourceVersionDate "2011.08.29"]
[SourceQuality "1"]
[WhiteTeam "Peru"]
[WhiteTeamCountry "PER"]

1. d4 c5 2. d5 g6 3. c4 Bg7 4. g3 d6 5. Bg2 Nf6 6. Nc3 a6 7. a4 Nbd7 8. Nf3 Nb6 9. a5 Nbd7 10. 0-0 0-0 11. e4 b5 12. axb6 Nxb6 13. Qe2 e5 14. h3 h5 15. Be3 Bd7 16. Ra3 a5 17. Nd2 Qc8 18. Kh2 Ne8 19. f4 f5 20. exf5 exf4 21. Bxf4 Bxf5 22. Nde4 Qd7 23. Nb5 Bxe4 24. Bxe4 Rf6 25. Raf3 Nc7 26. Nxc7 Qxc7 27. Bd3 Raf8 28. b3 g5 29. Bxg5 Rxf3 30. Rxf3 Rxf3 31. Qxf3 Qf7 32. Qxf7+ Kxf7 33. Bd8 Nd7 34. Bxa5 Be5 35. Bf5 Nf6 36. Kg2 Ne8 37. Kf3 Ng7 38. Bc8 Kg6 39. Bd8 Ne8 40. g4 hxg4+ 41. hxg4 Ng7 42. Ke4 Ne8 43. Bf5+ 1-0

[Event "Wch U14"]
[Site "Kemer"]
[Date "2009.11.21"]
[Round "10"]
[White "Akdag, Tutku Doruk"]
[Black "Gomez Garcia, Jose Santos"]
[Result "1-0"]
[WhiteElo "1776"]
[BlackElo "1936"]
[PlyCount "113"]
[EventDate "2009.11.12"]
[EventType "swiss"]
[EventRounds "11"]
[EventCountry "TUR"]
[SourceTitle "EXT 2010"]
[Source "ChessBase"]
[SourceDate "2010.11.25"]
[SourceVersion "1"]
[SourceVersionDate "2010.11.25"]
[SourceQuality "1"]

1. e4 c5 2. Nc3 g6 3. g3 Bg7 4. d3 d6 5. Bg2 e5 6. Nge2 f5 7. exf5 gxf5 8. Be3 Nf6 9. Qd2 0-0 10. Nd5 Nc6 11. Nec3 Be6 12. Bh6 Qd7 13. Nxf6+ Rxf6 14. Bg5 Rg6 15. Bf3 Nd4 16. Bd1 Qc6 17. Rg1 b5 18. b3 b4 19. Na4 h6 20. Be3 Bd5 21. Bxd4 exd4 22. Be2 Re6 23. 0-0-0 Rae8 24. Bh5 R8e7 25. Rde1 Bf3 26. Bxf3 Qxf3 27. Rxe6 Rxe6 28. Re1 Be5 29. Nb2 f4 30. Nc4 fxg3 31. hxg3 Kf7 32. Nxe5+ dxe5 33. Kb2 Ke7 34. Re4 Kd6 35. a3 a5 36. axb4 axb4 37. Rh4 Qf8 38. Rh2 Kc6 39. Qc1 Kb5 40. Qh1 Qg7 41. Qd5 Re7 42. Qd6 Rd7 43. Qxh6 Qe7 44. Qg6 Rd6 45. Qe4 Qa7 46. Kc1 Qa1+ 47. Kd2 Qc3+ 48. Kd1 Qa1+ 49. Ke2 Qa6 50. Rh8 Qc6 51. Rb8+ Ka6 52. Qxc6+ Rxc6 53. Re8 Rf6 54. Rxe5 Kb6 55. g4 Kc6 56. g5 Rg6 57. f4 1-0

[Event "Wch U14"]
[Site "Kemer"]
[Date "2009.11.16"]
[Round "6"]
[White "Borisenko, Viacheslav"]
[Black "Gomez Garcia, Jose Santos"]
[Result "1-0"]
[WhiteElo "2032"]
[BlackElo "1936"]
[PlyCount "92"]
[EventDate "2009.11.12"]
[EventType "swiss"]
[EventRounds "11"]
[EventCountry "TUR"]
[SourceTitle "EXT 2010"]
[Source "ChessBase"]
[SourceDate "2010.11.25"]
[SourceVersion "1"]
[SourceVersionDate "2010.11.25"]
[SourceQuality "1"]

1. e4 c5 2. Nf3 g6 3. c3 Bg7 4. d4 cxd4 5. cxd4 d5 6. e5 Nh6 7. Nc3 0-0 8. Qb3 e6 9. Bg5 Qa5 10. Bd2 Nc6 11. a3 Nf5 12. Ne2 Qc7 13. Rc1 Qd7 14. g4 Nfe7 15. h4 f6 16. exf6 Rxf6 17. h5 b6 18. hxg6 Nxg6 19. Ng5 h6 20. Nf3 Na5 21. Qc3 Ba6 22. g5 Rf5 23. Ng3 Rc8 24. Nxf5 exf5 25. Bxa6 Rxc3 26. Rxc3 Nc4 27. gxh6 Qe6+ 28. Kd1 Bf6 29. Rg1 Kh7 30. b3 Nxd2 31. Rc7+ Ne7 32. Kxd2 Qd6 33. Rc3 Qf4+ 34. Kc2 Kxh6 35. Nd2 Ng6 36. Rh3+ Nh4 37. Nf3 Qc7+ 38. Kb2 Qf4 39. Kc3 Qc7+ 40. Kd3 Qf4 41. Bb5 Qe4+ 42. Kc3 Qf4 43. Kd3 Qc7 44. Kd2 Qf4+ 45. Ke2 Qd6 46. b4 f4 1-0

[Event "Pan American-ch U14"]
[Site "Mar del Plata"]
[Date "2009.08.19"]
[Round "5"]
[White "Leiva Rodriguez, Jeammarco Giuseppe"]
[Black "Gomez Garcia, Jose Santos"]
[Result "1-0"]
[WhiteElo "2065"]
[BlackElo "1948"]
[PlyCount "57"]
[EventDate "2009.08.16"]
[EventType "swiss"]
[EventRounds "9"]
[EventCountry "ARG"]
[SourceTitle "EXT 2022"]
[Source "ChessBase"]
[SourceDate "2021.10.06"]
[SourceVersion "1"]
[SourceVersionDate "2021.10.06"]
[SourceQuality "1"]

1. d4 g6 2. Nf3 Bg7 3. e4 c5 4. d5 d6 5. Nc3 Nf6 6. Be2 0-0 7. 0-0 Bd7 8. a4 e6 9. dxe6 Bxe6 10. Bg5 Qd7 11. Qd2 d5 12. Bxf6 Bxf6 13. Nxd5 Bxd5 14. Qxd5 Qc7 15. c3 Nc6 16. Qxc5 Rfe8 17. Bd3 Rac8 18. Qe3 Ne7 19. Qh6 Bg7 20. Qh4 Qb6 21. Bb5 Nc6 22. Ng5 h6 23. Nxf7 g5 24. Qh5 Re6 25. Bc4 Ne7 26. Nxg5 hxg5 27. Bxe6+ Qxe6 28. Qxg5 b6 29. f4 1-0